00898nam a22002537a 450000500170000000800410001702200130005808200460007110000360011710000350015310000460018824500950023426000600032930000220038944000340041165000300044565000330047565000260050865000280053465000350056265000240059794200080062199900150062920160627195829.0160506b xxu||||| |||| 00| 0 spa d a03793982 aTecnología en Marcha Vol 25, N° 5 2012 aMonge González, Ricardo97340 aLeiva Bonilla, Juan Carlos920 aRodríguez Álvarez, Juan Antonio99701 aInversión extranjera directa, movilidad laboral y derrames de conocimiento en Costa Rica aCosta RicabEditorial Tecnológica de Costa Ricac2012 apáginas 103-115 aTecnología en Marcha911794 aDESEMPEÑO LABORAL99703 aINVERSIÓN EXTRANJERA99704 aMULTINACIONALES99705 aMOVILIDAD LABORAL99706 aDERRAMES DE CONOCIMIENTO99707 aZONAS FRANCAS99708 cREV c8072d8072